Представление документа в формате MARC21

Поле Инд. ПП Название Значение
Тип записи a
Библиографический уровень m
001 Контрольный номер 3bd85904-e86a-419a-9baf-a7475cf63849
005 Дата корректировки 20140703165032.6
008 Кодируемые данные 080610
020 a ISBN 978-5-238-01131-8
c Цена, тираж 135.00
040 a Служба первич. каталог. НБ ТвГУ
041 a Код языка текста rus
080 a Индекс УДК 159.9:34(075.8)
084 a Индекс другой классификации/Индекс ББК Ю947я73-1
090 a Полочн. индекс Ю947
x Авторский знак А 62
100 1_ a Автор Аминов Илья Исакович
q Полное имя Аминов И. И.
245 10 a Заглавие Юридическая психология
b Продолж. заглавия учеб. пособие для студентов вузов, обучающихся по специальности (030501) "Юриспруденция"
260 0_ a Место издания Москва
b Издательство ЮНИТИ-ДАНА
c Дата издания 2008
300 a Объем 415 с.
b Иллюстрации/ тип воспроизводства ил.
504 a Библиография Библиогр.: с. 409-411 и в подстроч. примеч.
583 a Действие Получение впервые 141 04.06.2008
k Исполнитель действия ООО "Издательство ЮНИТИ-ДАНА"
650 a Основная рубрика Юридическая психология
x Основная подрубрика Учебники для вузов
650 a Основная рубрика Право
x Основная подрубрика Психология
653 a Ключевые слова Психология
a Ключевые слова Юридическая психология
852 t Порядковый номер экземпляра 1
p Инвентарный номер 910723
852 t Порядковый номер экземпляра 1
p Инвентарный номер 910724
852 t Порядковый номер экземпляра 20
p Инвентарный номер 910725
p Инвентарный номер 910726
p Инвентарный номер 910727
p Инвентарный номер 910728
p Инвентарный номер 910729
p Инвентарный номер 910730
p Инвентарный номер 910731
p Инвентарный номер 910732
p Инвентарный номер 910733
p Инвентарный номер 910734
p Инвентарный номер 910735
p Инвентарный номер 910736
p Инвентарный номер 910737
p Инвентарный номер 910738
p Инвентарный номер 910739
p Инвентарный номер 910740
p Инвентарный номер 910741
p Инвентарный номер 910742
p Инвентарный номер 910743
p Инвентарный номер 910744
852 t Порядковый номер экземпляра 50
p Инвентарный номер 910745
p Инвентарный номер 910746
p Инвентарный номер 910747
p Инвентарный номер 910748
p Инвентарный номер 910749
p Инвентарный номер 910750
p Инвентарный номер 910751
p Инвентарный номер 910752
p Инвентарный номер 910753
p Инвентарный номер 910754
p Инвентарный номер 910755
p Инвентарный номер 910756
p Инвентарный номер 910757
p Инвентарный номер 910758
p Инвентарный номер 910759
p Инвентарный номер 910760
p Инвентарный номер 910761
p Инвентарный номер 910762
p Инвентарный номер 910763
p Инвентарный номер 910764
p Инвентарный номер 910765
p Инвентарный номер 910766
p Инвентарный номер 910767
p Инвентарный номер 910768
p Инвентарный номер 910769
p Инвентарный номер 910770
p Инвентарный номер 910771
p Инвентарный номер 910772
p Инвентарный номер 910773
p Инвентарный номер 910774
p Инвентарный номер 910775
p Инвентарный номер 910776
p Инвентарный номер 910777
p Инвентарный номер 910778
p Инвентарный номер 910779
p Инвентарный номер 910780
p Инвентарный номер 910781
p Инвентарный номер 910782
p Инвентарный номер 910783
p Инвентарный номер 910784
p Инвентарный номер 910785
p Инвентарный номер 910786
p Инвентарный номер 910787
p Инвентарный номер 910788
p Инвентарный номер 910789
p Инвентарный номер 910790
p Инвентарный номер 910791
p Инвентарный номер 910792
p Инвентарный номер 910793
p Инвентарный номер 910794
863 t 00239283
863 t 00239284
863 t 00239285
863 t 00239286
863 t 00239287
863 t 00239288
863 t 00239289
863 t 00239290
863 t 00239291
863 t 00239292
863 t 00239293
863 t 00239294
863 t 00239295
863 t 00239296
863 t 00239297
863 t 00239298
863 t 00239299
863 t 00239300
863 t 00239301
863 t 00239302
863 t 00239303
863 t 00239304
888 a За счет средств университета
910 a гриф есть*
930 a Новая/Ретро учебники
952 p 141.2008 135.00 1 910723
p 141.2008 135.00 1 910724
p 141.2008 135.00 1 910725
p 141.2008 135.00 1 910726
p 141.2008 135.00 1 910727
p 141.2008 135.00 1 910728
p 141.2008 135.00 1 910729
p 141.2008 135.00 1 910730
p 141.2008 135.00 1 910731
p 141.2008 135.00 1 910732
p 141.2008 135.00 1 910733
p 141.2008 135.00 1 910734
p 141.2008 135.00 1 910735
p 141.2008 135.00 1 910736
p 141.2008 135.00 1 910737
p 141.2008 135.00 1 910738
p 141.2008 135.00 1 910739
p 141.2008 135.00 1 910740
p 141.2008 135.00 1 910741
p 141.2008 135.00 1 910742
p 141.2008 135.00 1 910743
p 141.2008 135.00 1 910744
p 141.2008 135.00 1 910745
p 141.2008 135.00 1 910746
p 141.2008 135.00 1 910747
p 141.2008 135.00 1 910748
p 141.2008 135.00 1 910749
p 141.2008 135.00 1 910750
p 141.2008 135.00 1 910751
p 141.2008 135.00 1 910752
p 141.2008 135.00 1 910753
p 141.2008 135.00 1 910754
p 141.2008 135.00 1 910755
p 141.2008 135.00 1 910756
p 141.2008 135.00 1 910757
p 141.2008 135.00 1 910758
p 141.2008 135.00 1 910759
p 141.2008 135.00 1 910760
p 141.2008 135.00 1 910761
p 141.2008 135.00 1 910762
p 141.2008 135.00 1 910763
p 141.2008 135.00 1 910764
p 141.2008 135.00 1 910765
p 141.2008 135.00 1 910766
p 141.2008 135.00 1 910767
p 141.2008 135.00 1 910768
p 141.2008 135.00 1 910769
p 141.2008 135.00 1 910770
p 141.2008 135.00 1 910771
p 141.2008 135.00 1 910772
p 141.2008 135.00 1 910773
p 141.2008 135.00 1 910774
p 141.2008 135.00 1 910775
p 141.2008 135.00 1 910776
p 141.2008 135.00 1 910777
p 141.2008 135.00 1 910778
p 141.2008 135.00 1 910779
p 141.2008 135.00 1 910780
p 141.2008 135.00 1 910781
p 141.2008 135.00 1 910782
p 141.2008 135.00 1 910783
p 141.2008 135.00 1 910784
p 141.2008 135.00 1 910785
p 141.2008 135.00 1 910786
p 141.2008 135.00 1 910787
p 141.2008 135.00 1 910788
p 141.2008 135.00 1 910789
p 141.2008 135.00 1 910790
p 141.2008 135.00 1 910791
p 141.2008 135.00 1 910792
p 141.2008 135.00 1 910793
p 141.2008 135.00 1 910794
c Вид литературы К ру
954 a Дата поступления на обработку 20080619
999 a Подразделение 2 ч.з.
a Подразделение 2 аб.
a Подразделение 2 уч.о.
a Подразделение 2 Фил(Ржев)